| 000 | 00492nam a22001457a 4500 | ||
|---|---|---|---|
| 008 | 220317b ||||| |||| 00| 0 spa d | ||
| 020 | _a978-987-27541-0-5 | ||
| 040 | _aAr-FvUNAJ | ||
| 082 | 1 | 4 |
_214 _a378 |
| 245 | 0 | 0 |
_aApuntes sobre innovación en educación superior / _cCarlos Pano, Carolina Fridman, Alfredo Rodil Martínez, Valeria Torre y Victoria Zion. |
| 260 |
_aBuenos Aires : _bRosel, _c2011. |
||
| 300 | _a84 p. | ||
| 650 | 0 |
_2unescot _99683 _aEDUCACIÓN SUPERIOR |
|
| 942 |
_2ddc _cLIBRO |
||
| 999 |
_c7474 _d7474 |
||
| 980 |
_62 _aVirginia Figueroa _82 _gVirginia Figueroa |
||